Asymptotic regime in the problem of radiation transfer in spatially bounded media; Journal of Applied Spectroscopy; Vol. 46, № 5

التفاصيل البيبلوغرافية
Parent link:Journal of Applied Spectroscopy.— , 1965-
Vol. 46, № 5.— 1987.— P. 536-538
مؤلفون آخرون: Goryachev B. V., Larionov V. V. Vitaliy Vasilyevich, Mogil'nitskii S. B., Savel'ev B. A., Kutlin A. P.
الملخص:В фонде НТБ ТПУ отсутствует
اللغة:الإنجليزية
منشور في: 1987
الموضوعات:
التنسيق: MixedMaterials فصل الكتاب
KOHA link:https://koha.lib.tpu.ru/cgi-bin/koha/opac-detail.pl?biblionumber=598808

MARC

LEADER 00000naa0a2200000 4500
001 598808
005 20250401095936.0
035 |a (RuTPU)RU\TPU\tpu\22606 
035 |a RU\TPU\tpu\22599 
090 |a 598808 
100 |a 20130131d1987 k||y0rusy50 ba 
101 0 |a eng 
102 |a US 
200 1 |a Asymptotic regime in the problem of radiation transfer in spatially bounded media  |f B. V. Goryachev [et al.] 
320 |a References: p. 537-538 (15 tit.) 
333 |a В фонде НТБ ТПУ отсутствует 
461 |t Journal of Applied Spectroscopy  |d 1965- 
463 |t Vol. 46, № 5  |v P. 536-538  |d 1987 
610 1 |a труды учёных ТПУ 
701 1 |a Goryachev  |b B. V. 
701 1 |a Larionov  |b V. V.  |c physicist  |c Professor of Tomsk Polytechnic University, Doctor of Pedagogical Sciences  |f 1945-  |g Vitaliy Vasilyevich  |3 (RuTPU)RU\TPU\pers\30307  |4 070  |9 14653 
701 1 |a Mogil'nitskii  |b S. B. 
701 1 |a Savel'ev  |b B. A. 
701 1 |a Kutlin  |b A. P. 
801 1 |a RU  |b 63413507  |c 20110727 
801 2 |a RU  |b 63413507  |c 20130131  |g RCR 
942 |c CR